|
|
|
|
| LEADER |
00000naa2a2200000 4500 |
| 001 |
427560 |
| 005 |
20231218151635.0 |
| 035 |
|
|
|a (RuTPU)RU\TPU\prd\86848
|
| 035 |
|
|
|a RU\TPU\tpu\12724
|
| 090 |
|
|
|a 427560
|
| 100 |
|
|
|a 20100920a1988 k y0rusy50 ca
|
| 101 |
0 |
|
|a rus
|
| 102 |
|
|
|a RU
|
| 200 |
1 |
|
|a Условия селективной работы защит с наложением контрольного тока при перемежающихся дуговых замыканиях
|f С. И. Головко, Р. А. Вайнштейн, В. Н. Албул
|
| 320 |
|
|
|a Библиогр.: 5 назв.
|
| 330 |
|
|
|a Перемежающееся з.н.з. в компенсированной сети является источником гармоник (Г) в широком диапазоне частот. Благодаря дугогасящему реактору распределение Г с частотой меньше промышленной между поврежденным и неповрежденными присоединениями существенно благоприятнее с т. зр. селективности РЗ от з.н.з., чем распределение Г с повышенными частотами. Чтобы предотвратить отказ РЗ с наложением контрольного тока при перемежающихся дуговых замыканиях (ПДЗ), когда в спектре токов нулевой последовательности отсутствуют Г с частотой наложенного тока (ЧНТ), необходимо их рабочие области частот расширить до соответствующих диапазонов (0 - 25 Гц - при частоте наложенного тока 25 Гц и 90 - 115 Гц - при ЧНТ 100 Гц). С т. зр. условий селективной работы при ПДЗ РЗ с наложением контрольного тока частота 25 Гц является более предпочтительной по сравнению с частотой 100 Гц. Это обусловлено тем, что амплитуды гармонич. составляющих 25 и 100 Гц при ПДЗ и их распределение по присоединениям таковы, что отстройка РЗ от внешнего ПДЗ с макс. уровнем Г и срабатывание при внутреннем ПДЗ с мин. уровнем Г могут быть обеспечены на присоединениях с емкостными токами до 54 и 19% от суммарного емкостного тока сети при ЧНТ 25 и 100 Гц соответственно.
|
| 461 |
|
1 |
|0 (RuTPU)RU\TPU\prd\196
|t Известия вузов. Энергетика
|
| 463 |
|
1 |
|0 (RuTPU)RU\TPU\prd\38600
|t № 7
|v С. 22-26
|d 1988
|
| 610 |
1 |
|
|a труды учёных ТПУ
|
| 700 |
|
1 |
|a Головко
|b С. И.
|
| 701 |
|
1 |
|a Вайнштейн
|b Р. А.
|c специалист в области электроэнергетики
|c профессор Томского политехнического университета, доктор технических наук
|f 1937-
|g Роберт Александрович
|3 (RuTPU)RU\TPU\pers\26489
|9 12191
|
| 701 |
|
1 |
|a Албул
|b В. Н.
|
| 801 |
|
1 |
|a RU
|b 63413507
|c 20060227
|g PSBO
|
| 801 |
|
2 |
|a RU
|b 63413507
|c 20140908
|g PSBO
|
| 942 |
|
|
|c BK
|